000
00265nam a2200097Ia 4500
008
230508s2004 xx 000 0 und d
041
_a
eng
100
_a
COY HORSTMANN & CORNELL
245
_a
CORE JAVA-2 VOL-2 ADVANCED FEATURES
260
_b
PEARSON EDUCATION IN
_c
2004
999
_c
715789
_d
715789